<?xml version="1.0" encoding="UTF-8"?>
<record
    xmlns:xsi="http://www.w3.org/2001/XMLSchema-instance"
    xsi:schemaLocation="http://www.loc.gov/MARC21/slim http://www.loc.gov/standards/marcxml/schema/MARC21slim.xsd"
    xmlns="http://www.loc.gov/MARC21/slim">

  <leader>03789cam a2200169   4500500</leader>
  <controlfield tag="005">20260517000322.0</controlfield>
  <datafield tag="041" ind1=" " ind2=" ">
    <subfield code="a">fre</subfield>
  </datafield>
  <datafield tag="042" ind1=" " ind2=" ">
    <subfield code="a">dc</subfield>
  </datafield>
  <datafield tag="100" ind1="1" ind2="0">
    <subfield code="a">Deschamps, Jean-Pierre</subfield>
    <subfield code="e">author</subfield>
  </datafield>
  <datafield tag="245" ind1="0" ind2="0">
    <subfield code="a">Refus de soins et actualit&#xE9;s sur les droits des malades, S. Brissy, A. Laude, D. Tabuteau. &#xC9;ditions des presses de l&#x2019;EHESP Collection de l&#x2019;Observatoire des Droits et Res EHESP, Rennes, 2012&#xA0;: 144&#xA0;p. ISBN&#xA0;: 978-2810900664</subfield>
  </datafield>
  <datafield tag="260" ind1=" " ind2=" ">
    <subfield code="c">2013.
							</subfield>
  </datafield>
  <datafield tag="500" ind1=" " ind2=" ">
    <subfield code="a">56</subfield>
  </datafield>
  <datafield tag="520" ind1=" " ind2=" ">
    <subfield code="a">R&#xE9;sum&#xE9;Aujourd&#x2019;hui, le nouveau mode de gouvernance des institutions hospitali&#xE8;res exige des &#xE9;tablissements de sant&#xE9; de d&#xE9;velopper, en dehors de leurs missions de service public, des nouvelles comp&#xE9;tences manag&#xE9;riales, financi&#xE8;res et soci&#xE9;tales.S&#x2019;inscrivant dans cette nouvelle vision, l&#x2019;H&#xF4;pital Universitaire International Cheikh Zaid au Maroc (HUICZ) a men&#xE9; un projet d&#xE9;di&#xE9; &#xE0; la modernisation de sa gouvernance organisationnelle &#xE0; travers l&#x2019;int&#xE9;gration progressive des bonnes pratiques manag&#xE9;riales. Toutefois en raison des particularit&#xE9;s de l&#x2019;&#xE9;tablissement, piloter ce type de transition requiert une mise en exergue des grandes sp&#xE9;cificit&#xE9;s configurationnelles existantes. Sp&#xE9;cificit&#xE9;s qui justifient la n&#xE9;cessit&#xE9;, de concevoir des solutions personnalis&#xE9;es, loin des ordonnances g&#xE9;n&#xE9;ralis&#xE9;es, dont le taux d&#x2019;&#xE9;chec lors de la mise en place demeure significatif.Dans cette perspective, le pr&#xE9;sent article relate la premi&#xE8;re phase (diagnostic), de notre exp&#xE9;rience d&#x2019;intervention, de cinq ann&#xE9;es, au sein de l&#x2019;HUICZ, relative &#xE0; la conception et &#xE0; la mise en place d&#x2019;un projet de restructuration. Initi&#xE9;e depuis 2008, cette op&#xE9;ration, articul&#xE9;e autour de trois grands axes&#xA0;: diagnostic &#x2013; conduite du changement &#x2013; informatisation, a permis aujourd&#x2019;hui, &#xE0; l&#x2019;HUICZ de retrouver la croissance, de d&#xE9;velopper son activit&#xE9;, et de r&#xE9;aliser son extension g&#xE9;ographique. &#xC0; travers la pr&#xE9;sente &#xE9;tude, nous allons alors, nous int&#xE9;resser &#xE0; la premi&#xE8;re phase du projet ayant port&#xE9; sur l&#x2019;analyse fonctionnelle &#xE0; la lumi&#xE8;re du mod&#xE8;le de Mintzberg, donnant lieu &#xE0; une nouvelle vision organisationnelle ax&#xE9;e sur le d&#xE9;cloisonnement des d&#xE9;partements, la formalisation des modes de coordination et la s&#xE9;curisation de l&#x2019;information.</subfield>
  </datafield>
  <datafield tag="520" ind1=" " ind2=" ">
    <subfield code="a">Hospital organizational analysis based on the Mintzberg model: the case of Sheikh Zayed Hospital, RabatThe new system of hospital governance requires health institutions to develop new managerial, financial and social skills beyond their public service duties.As part of this new approach, the organizational modernization of hospitals involves introducing good management practices. However, managing the transition requires taking into account the specificities of existing organizational systems. Organizational systems are generally difficult to model and involve diverse and sometimes competing interests, concerns, habits, languages, cultures, tools and representations. This explains the high failure rate observed in hospital development projects at an organizational level.A number of organizational theories from a range of disciplines (sociology, biology, history, etc.) have examined the question of organization in hospitals. The many theories developed in this area are not incompatible. Rather, they form a set of useful tools for the analysis of organizational management. The purpose of this study was to conduct an organizational analysis of Sheikh Zayed Hospital (Rabat) based on the Mintzberg model as a prerequisite for the development and implementation of a restructuring plan.</subfield>
  </datafield>
  <datafield tag="786" ind1="0" ind2=" ">
    <subfield code="n">Sant&#xE9; Publique | 24 | 6 | 2013-01-29 | p. 588b-588b | 0995-3914</subfield>
  </datafield>
  <datafield tag="856" ind1="4" ind2="1">
    <subfield code="u">https://stm.cairn.info/revue-sante-publique-2012-6-page-588b?lang=fr&amp;redirect-ssocas=7080</subfield>
  </datafield>
  <datafield tag="999" ind1=" " ind2=" ">
    <subfield code="c">2231284</subfield>
    <subfield code="d">2231284</subfield>
  </datafield>
</record>
